| 000 | 00341nam a2200109Ia 4500 | ||
|---|---|---|---|
| 008 | 151021s9999 xx 000 0 und d | ||
| 050 | _aLc 3988 .k4k57 2002 | ||
| 245 | _a_Introduction to Children with Special Needs | ||
| 260 | _aNairobi Kenya Institute of Special Needs 2002 | ||
| 300 | _aiv,168p;ill. | ||
| 980 | _a^d20110421 04:06:35^okorir | ||
| 999 |
_c7127 _d7127 |
||